<?xml version="1.0" encoding="UTF-8"?><?xml-stylesheet type="text/xsl" href="static/style.xsl"?><OAI-PMH xmlns="http://www.openarchives.org/OAI/2.0/" xmlns:xsi="http://www.w3.org/2001/XMLSchema-instance" xsi:schemaLocation="http://www.openarchives.org/OAI/2.0/ http://www.openarchives.org/OAI/2.0/OAI-PMH.xsd"><responseDate>2026-04-27T18:26:07Z</responseDate><request verb="GetRecord" identifier="oai:riubu.ubu.es:10259/11423" metadataPrefix="marc">https://riubu.ubu.es/oai/request</request><GetRecord><record><header><identifier>oai:riubu.ubu.es:10259/11423</identifier><datestamp>2026-02-26T11:35:49Z</datestamp><setSpec>com_10259_3938</setSpec><setSpec>com_10259.4_2477</setSpec><setSpec>com_10259.4_106</setSpec><setSpec>com_10259_2604</setSpec><setSpec>col_10259_3939</setSpec></header><metadata><record xmlns="http://www.loc.gov/MARC21/slim" xmlns:doc="http://www.lyncode.com/xoai" xmlns:xsi="http://www.w3.org/2001/XMLSchema-instance" xmlns:dcterms="http://purl.org/dc/terms/" xsi:schemaLocation="http://www.loc.gov/MARC21/slim http://www.loc.gov/standards/marcxml/schema/MARC21slim.xsd">
<leader>00925njm 22002777a 4500</leader>
<datafield tag="042" ind1=" " ind2=" ">
<subfield code="a">dc</subfield>
</datafield>
<datafield tag="720" ind1=" " ind2=" ">
<subfield code="a">Pérez Miguel, Liliana</subfield>
<subfield code="e">author</subfield>
</datafield>
<datafield tag="260" ind1=" " ind2=" ">
<subfield code="c">2023-06</subfield>
</datafield>
<datafield tag="520" ind1=" " ind2=" ">
<subfield code="a">Aunque las guerras durante la Edad Moderna han sido consideradas un asunto mayormente masculino, las mujeres han tenido un rol relevante en las mismas. El presente artículo quiere poner el foco sobre la actuación y rol femeninos en los eventos bélicos del temprano virreinato peruano a través de un episodio acaecido durante el alzamiento de Gonzalo Pizarro. El análisis de este hecho, que involucró a mujeres del poderoso grupo encomendero arequipeño, nos permitirá profundizar en diversos aspectos de importancia tales como la consideración de las mujeres en la guerra o los valores morales y estereotipos de género en el territorio americano durante este complejo periodo.</subfield>
</datafield>
<datafield tag="520" ind1=" " ind2=" ">
<subfield code="a">Although wars during the Modern Age were mostly considered a male affair, women played a prominent role in them. This article aims to focus on women’s performance and role in the war events of the early Peruvian viceroyalty through an episode that took place during Gonzalo Pizarro’s uprising. The analysis of this event, which involved women of the powerful encomendero group from Arequipa, will allow us to delve into various vital aspects, such as considering women in war or the moral values and gender stereotypes in the American territory during this complex period</subfield>
</datafield>
<datafield tag="024" ind2=" " ind1="8">
<subfield code="a">https://hdl.handle.net/10259/11423</subfield>
</datafield>
<datafield tag="024" ind2=" " ind1="8">
<subfield code="a">10.4067/S0719-26812023000200027</subfield>
</datafield>
<datafield tag="024" ind2=" " ind1="8">
<subfield code="a">0719-2681</subfield>
</datafield>
<datafield ind1=" " ind2=" " tag="653">
<subfield code="a">Historia de las Mujeres</subfield>
</datafield>
<datafield ind1=" " ind2=" " tag="653">
<subfield code="a">Género</subfield>
</datafield>
<datafield ind1=" " ind2=" " tag="653">
<subfield code="a">Guerra</subfield>
</datafield>
<datafield ind1=" " ind2=" " tag="653">
<subfield code="a">Gonzalo Pizarro</subfield>
</datafield>
<datafield ind1=" " ind2=" " tag="653">
<subfield code="a">Virreinato peruano</subfield>
</datafield>
<datafield ind1=" " ind2=" " tag="653">
<subfield code="a">Women History</subfield>
</datafield>
<datafield ind1=" " ind2=" " tag="653">
<subfield code="a">Gender</subfield>
</datafield>
<datafield ind1=" " ind2=" " tag="653">
<subfield code="a">War</subfield>
</datafield>
<datafield ind1=" " ind2=" " tag="653">
<subfield code="a">Peru viceroyalty</subfield>
</datafield>
<datafield tag="245" ind1="0" ind2="0">
<subfield code="a">Atenea en los Andes: la actuación de las mujeres del grupo encomendero en la Rebelión Pizarrista (1544–1548)</subfield>
</datafield>
</record></metadata></record></GetRecord></OAI-PMH>